| 000 | 00756nam a22002177a 4500 | ||
|---|---|---|---|
| 999 |
_c6691 _d6691 |
||
| 003 | OSt | ||
| 005 | 20200515231422.0 | ||
| 008 | 200515b1979 ck a gr|||| 00| 0 spa d | ||
| 040 |
_aCO-JMCR _cCO-JMCR |
||
| 041 | 0 | _aspa | |
| 082 | 0 | 4 |
_a330 / _bC346i3 _223 |
| 100 | 1 |
_aCastaño Tamayo, Ramón Abel, _eautor _94445 |
|
| 245 | 1 | 0 |
_aIdeas económicas mínimas / _cRamón Abel Castaño T. |
| 250 | _aOctava edición | ||
| 260 |
_aBogotá : _bBedout, _c1979 |
||
| 300 |
_a384 páginas : _bilustraciones a blanco y negro ; _c20 cm. |
||
| 504 | _aBibliografía: páginas 375-376 | ||
| 505 | 0 | _aNociones de estructura económica -- Oferta, demanda y precios -- Nociones de macroeconomía | |
| 650 | 1 | 4 |
_aEconomía _xhistoria económica _94450 |
| 942 |
_2ddc _cBK |
||